Computational techniques for multi-phase flows (Record no. 355985)

000 -LEADER
fixed length control field 01659cam a2200433 a 4500
001 - CONTROL NUMBER
control field 7916872
003 - CONTROL NUMBER IDENTIFIER
control field USPCAS-E
005 - DATE AND TIME OF LATEST TRANSACTION
control field 20180118181420.0
006 - FIXED-LENGTH DATA ELEMENTS--ADDITIONAL MATERIAL CHARACTERISTICS
fixed length control field m d
007 - PHYSICAL DESCRIPTION FIXED FIELD--GENERAL INFORMATION
fixed length control field cr n
008 - FIXED-LENGTH DATA ELEMENTS--GENERAL INFORMATION
fixed length control field 090302s2010 enka sb 001 0 eng d
020 ## - INTERNATIONAL STANDARD BOOK NUMBER
Canceled/invalid ISBN 9780080467337
020 ## - INTERNATIONAL STANDARD BOOK NUMBER
International Standard Book Number 9780080914893
035 ## - SYSTEM CONTROL NUMBER
System control number (WaSeSS)ssj0000386321
040 ## - CATALOGING SOURCE
Original cataloging agency CaPaEBR
Transcribing agency CaPaEBR
Modifying agency WaSeSS
050 #4 - LIBRARY OF CONGRESS CALL NUMBER
Classification number TA357.5.M84
Item number Y46 2010eb
050 #4 - LIBRARY OF CONGRESS CALL NUMBER
Classification number TA357.5.M84
082 ## - DEWEY DECIMAL CLASSIFICATION NUMBER
Edition number 22
Classification number 620.1064
Author Mark YEO-C 2010
100 1# - MAIN ENTRY--PERSONAL NAME
Personal name Yeoh, Guan Heng.
210 10 - ABBREVIATED TITLE
Abbreviated title Computational techniques for multi-phase flows
245 10 - TITLE STATEMENT
Title Computational techniques for multi-phase flows
Remainder of title basics and applications /
Statement of responsibility, etc. Guan Heng Yeoh and Jiyuan Tu.
250 ## - EDITION STATEMENT
Edition statement 1st ed.
260 ## - PUBLICATION, DISTRIBUTION, ETC.
Place of publication, distribution, etc. Oxford :
Name of publisher, distributor, etc. Butterworth-Heinemann, an imprint of Elsevier,
Date of publication, distribution, etc. 2010.
502 ## - DISSERTATION NOTE
Dissertation note .
504 ## - BIBLIOGRAPHY, ETC. NOTE
Bibliography, etc. note Includes bibliographical references (p. 607-626) and index.
506 ## - RESTRICTIONS ON ACCESS NOTE
Terms governing access License restrictions may limit access.
650 #0 - SUBJECT ADDED ENTRY--TOPICAL TERM
Topical term or geographic name entry element Multiphase flow.
650 #0 - SUBJECT ADDED ENTRY--TOPICAL TERM
Topical term or geographic name entry element Fluid dynamics.
650 #0 - SUBJECT ADDED ENTRY--TOPICAL TERM
Topical term or geographic name entry element Two-phase flow.
655 #7 - INDEX TERM--GENRE/FORM
Genre/form data or focus term Electronic books.
Source of term local
700 1# - ADDED ENTRY--PERSONAL NAME
Personal name Tu, Jiyuan.
710 2# - ADDED ENTRY--CORPORATE NAME
Corporate name or jurisdiction name as entry element ebrary, Inc.
773 #0 - HOST ITEM ENTRY
Title Referex Chemical, Petrochemical and Process Engineering
773 #0 - HOST ITEM ENTRY
Title eBook - Chemical Engineering 2009 [EBCCE09]
856 40 - ELECTRONIC LOCATION AND ACCESS
Uniform Resource Identifier <a href="http://www.columbia.edu/cgi-bin/cul/resolve?clio7916872.001">http://www.columbia.edu/cgi-bin/cul/resolve?clio7916872.001</a>
Public note Full text available from eBook - Chemical Engineering 2009 [EBCCE09]
856 40 - ELECTRONIC LOCATION AND ACCESS
Uniform Resource Identifier <a href="http://www.columbia.edu/cgi-bin/cul/resolve?clio7916872.002">http://www.columbia.edu/cgi-bin/cul/resolve?clio7916872.002</a>
Public note Full text available from Referex Chemical, Petrochemical and Process Engineering
910 ## - USER-OPTION DATA (OCLC)
User-option data Vendor-generated brief record
942 ## - ADDED ENTRY ELEMENTS (KOHA)
Source of classification or shelving scheme
Koha item type Book
Holdings
Withdrawn status Lost status Source of classification or shelving scheme Damaged status Not for loan Collection code Permanent Location Current Location Shelving location Date acquired Source of acquisition Cost, normal purchase price Total Checkouts Total Renewals Full call number Barcode Date last seen Date last checked out Price effective from Koha item type Copy number
            US-Pakistan Center for Advanced Studies in Energy (USPCAS-E) US-Pakistan Center for Advanced Studies in Energy (USPCAS-E)   01/28/2016 Golden books 14787.00 4 1 620.1064 YEO-C 2010 CAS-E0001443 05/24/2016 05/17/2016 01/28/2016 Book  
            US-Pakistan Center for Advanced Studies in Energy (USPCAS-E) US-Pakistan Center for Advanced Studies in Energy (USPCAS-E)   01/28/2016 Golden books 14787.00 3 1 620.1064 YEO-C 2010 CAS-E0001444 01/10/2017 01/10/2017 01/28/2016 Book C-2
© 2023 Central Library, National University of Sciences and Technology. All Rights Reserved.